000 01195nam a2200265 a 4500
001 63538
003 BD-RjUL
005 20211209081216.0
008 170131s1999 bg ||||| |||| 00| p ben d
020 _a9840738496
_c: Tk. 60.00
035 _a(BD-RjUL)63667
040 _aBD-RjUL
_bben
_cBD-RjUL
041 _aben
082 _223
_a891.441095414
_bCHB 1999
100 _aচক্রবর্তী, গোপিকারঞ্জন
_9179870
245 1 0 _aবাংলা মঙ্গলকাব্যে শ্রমজীবী মানুষ /
_cগোপিকারঞ্জন চক্রবর্তী
260 _aঢাকা :
_bবাংলা একাডেমী,
_c১৯৯৯
300 _a[৮], ১২৮ পৃ. ;
_c২৩ সেমি.
490 _aবাএ ;
_v৩৮৪০
504 _aগ্রন্থপঞ্জি ও নির্ঘণ্ট সংযুক্ত
650 _aবাংলা কবিতা
_zভারত
_zবেঙ্গল
_xইতিহাস ও সমালোচনা
_9188880
650 _aBengali Poetry
_zIndia
_zBengal
_xHistory and criticism.
_9188881
830 _aবাএ ;
_v৩৮৪০
_9188885
942 _2ddc
_cBK
999 _c63538
_d63538